[Event "World Chess Olympiad 2018"]
[Site "Batumi"]
[Date "2018.10.02"]
[Round "8"]
[Board "4"]
[WhiteFideId "9312331"]
[White "Ammar Sedrani"]
[BlackFideId "4000714"]
[Black "Gengler Pierre"]
[Result "0-1"]
[LiveChessVersion "1.4.8"]
[BlackElo "2205"]
[WhiteElo "2099"]

1. d4 {[%clk 1:30:39]} g6 {[%clk 1:30:51]} 2. Nf3 {[%clk 1:29:58]} f5
{[%clk 1:31:14]} 3. g3 {[%clk 1:30:10]} Bg7 {[%clk 1:31:39]} 4. Bg2
{[%clk 1:30:31]} Nf6 {[%clk 1:32:06]} 5. O-O {[%clk 1:30:42]} O-O
{[%clk 1:32:32]} 6. c4 {[%clk 1:30:26]} d6 {[%clk 1:32:58]} 7. Nc3
{[%clk 1:30:50]} Qe8 {[%clk 1:33:24]} 8. e4 {[%clk 1:25:45]} fxe4
{[%clk 1:22:01]} 9. Ng5 {[%clk 1:24:50]} Nc6 {[%clk 1:19:37]} 10. Be3
{[%clk 1:23:20]} Bg4 {[%clk 1:17:04]} 11. Qd2 {[%clk 1:22:33]} e5
{[%clk 1:15:03]} 12. d5 {[%clk 1:16:17]} Nd4 {[%clk 1:04:35]} 13. Bxd4
{[%clk 1:08:01]} exd4 {[%clk 1:04:54]} 14. Nb5 {[%clk 1:07:58]} Nxd5
{[%clk 1:01:37]} 15. Bxe4 {[%clk 1:07:50]} Nf6 {[%clk 1:00:44]} 16. Bxb7
{[%clk 0:55:44]} Rb8 {[%clk 0:49:30]} 17. Bg2 {[%clk 0:55:03]} h6
{[%clk 0:48:27]} 18. Rfe1 {[%clk 0:54:11]} Qd7 {[%clk 0:45:37]} 19. Ne4
{[%clk 0:54:20]} Nxe4 {[%clk 0:45:10]} 20. Bxe4 {[%clk 0:54:25]} c5
{[%clk 0:44:07]} 21. Bxg6 {[%clk 0:51:21]} a6 {[%clk 0:43:27]} 22. Na3
{[%clk 0:51:05]} Bf3 {[%clk 0:43:38]} 23. Be4 {[%clk 0:44:30]} Qh3
{[%clk 0:42:17]} 24. Bxf3 {[%clk 0:44:40]} Rxf3 {[%clk 0:42:38]} 25. Re4
{[%clk 0:31:53]} d3 {[%clk 0:41:06]} 26. Rb1 {[%clk 0:32:07]} Bd4
{[%clk 0:38:02]} 27. Rh4 {[%clk 0:31:49]} Rxg3+ {[%clk 0:35:59]} 28. hxg3
{[%clk 0:29:18]} Qxg3+ {[%clk 0:36:25]} 29. Kf1 {[%clk 0:27:03]} Qxh4
{[%clk 0:36:34]} 30. Kg2 {[%clk 0:26:18]} Qg4+ {[%clk 0:36:53]} 31. Kh1
{[%clk 0:26:13]} Qh3+ {[%clk 0:37:18]} 32. Kg1 {[%clk 0:26:41]} Kh8
{[%clk 0:37:34]} 0-1

[Event "World Chess Olympiad 2018"]
[Site "Batumi"]
[Date "2018.10.02"]
[Round "8"]
[Board "2"]
[WhiteFideId "7000634"]
[White "Nanjo Ryosuke"]
[BlackFideId "11700777"]
[Black "Amini Habibullah"]
[Result "1-0"]
[LiveChessVersion "1.4.8"]
[BlackElo "1988"]
[WhiteElo "2324"]

1. e4 {[%clk 1:30:58]} e6 {[%clk 1:30:53]} 2. d4 {[%clk 1:31:23]} d5
{[%clk 1:31:17]} 3. Nc3 {[%clk 1:31:49]} Bb4 {[%clk 1:31:40]} 4. e5
{[%clk 1:32:15]} c5 {[%clk 1:31:57]} 5. a3 {[%clk 1:32:40]} Bxc3+
{[%clk 1:32:21]} 6. bxc3 {[%clk 1:33:07]} Qa5 {[%clk 1:32:38]} 7. Bd2
{[%clk 1:33:15]} Qa4 {[%clk 1:33:01]} 8. Qb1 {[%clk 1:30:21]} c4 {[%clk 1:33:22]}
9. h4 {[%clk 1:23:59]} Nc6 {[%clk 1:29:54]} 10. h5 {[%clk 1:22:47]} h6
{[%clk 1:30:05]} 11. Ne2 {[%clk 1:22:00]} Nge7 {[%clk 1:29:20]} 12. g4
{[%clk 1:21:38]} Bd7 {[%clk 1:28:57]} 13. Bh3 {[%clk 1:21:07]} O-O-O
{[%clk 1:29:17]} 14. Qb2 {[%clk 1:18:37]} Rdf8 {[%clk 1:26:00]} 15. f4
{[%clk 1:17:17]} f5 {[%clk 1:16:41]} 16. O-O-O {[%clk 1:09:54]} fxg4
{[%clk 1:09:31]} 17. Bxg4 {[%clk 1:10:20]} Rhg8 {[%clk 1:09:51]} 18. Rdg1
{[%clk 1:10:05]} g6 {[%clk 1:07:03]} 19. Ng3 {[%clk 1:03:15]} Nf5
{[%clk 1:06:40]} 20. Bd1 {[%clk 0:55:30]} Nxg3 {[%clk 1:04:06]} 21. Rxg3
{[%clk 0:55:54]} gxh5 {[%clk 1:04:30]} 22. Rxg8 {[%clk 0:54:17]} Rxg8
{[%clk 1:04:47]} 23. Rxh5 {[%clk 0:54:08]} Ne7 {[%clk 1:05:09]} 24. Rxh6
{[%clk 0:52:46]} Rg1 {[%clk 1:04:50]} 25. Be3 {[%clk 0:50:25]} Rf1
{[%clk 1:04:35]} 26. Kd2 {[%clk 0:48:39]} Nf5 {[%clk 1:04:46]} 27. Rh8+
{[%clk 0:49:02]} Kc7 {[%clk 1:05:15]} 28. Be2 {[%clk 0:49:12]} Nxe3
{[%clk 1:05:37]} 29. Kxe3 {[%clk 0:49:25]} Rg1 {[%clk 1:05:10]} 30. Rh7
{[%clk 0:49:18]} Kc8 {[%clk 0:57:51]} 31. Kf2 {[%clk 0:46:47]} Rg8
{[%clk 0:58:03]} 32. Bf3 {[%clk 0:44:13]} Rf8 {[%clk 0:58:01]} 33. Ke3
{[%clk 0:43:56]} a5 {[%clk 0:54:57]} 34. f5 {[%clk 0:25:36]} Rxf5
{[%clk 0:52:33]} 35. Bg4 {[%clk 0:25:51]} Rf8 {[%clk 0:52:04]} 36. Bxe6
{[%clk 0:26:03]} Rd8 {[%clk 0:51:24]} 37. Qb6 {[%clk 0:25:07]} Qc6
{[%clk 0:41:36]} 38. Bxd7+ {[%clk 0:25:26]} 1-0

[Event "World Chess Olympiad 2018"]
[Site "Batumi"]
[Date "2018.10.02"]
[Round "8"]
[Board "3"]
[WhiteFideId "11701137"]
[White "Sulaiman Ahmad Ashrafi"]
[BlackFideId "7000936"]
[Black "Yamada Kohei"]
[Result "0-1"]
[LiveChessVersion "1.4.8"]
[BlackElo "2128"]
[WhiteElo "1908"]

1. d4 {[%clk 1:30:58]} Nf6 {[%clk 1:30:40]} 2. Bf4 {[%clk 1:31:21]} d5
{[%clk 1:30:21]} 3. e3 {[%clk 1:31:45]} c5 {[%clk 1:30:46]} 4. c3
{[%clk 1:32:11]} Nc6 {[%clk 1:31:09]} 5. Nd2 {[%clk 1:32:26]} Bf5
{[%clk 1:30:36]} 6. Qb3 {[%clk 1:32:38]} Qd7 {[%clk 1:30:27]} 7. Ngf3
{[%clk 1:32:56]} c4 {[%clk 1:30:15]} 8. Qd1 {[%clk 1:33:13]} e6 {[%clk 1:30:22]}
9. Be2 {[%clk 1:33:09]} Bd6 {[%clk 1:28:11]} 10. Bxd6 {[%clk 1:32:55]} Qxd6
{[%clk 1:28:34]} 11. O-O {[%clk 1:33:05]} O-O {[%clk 1:28:38]} 12. b3
{[%clk 1:30:29]} b5 {[%clk 1:26:17]} 13. a4 {[%clk 1:30:29]} a6 {[%clk 1:20:35]}
14. b4 {[%clk 1:22:10]} h6 {[%clk 1:14:18]} 15. Qc1 {[%clk 1:19:49]} Rfc8
{[%clk 1:10:31]} 16. Qb2 {[%clk 1:18:52]} Nd7 {[%clk 1:07:34]} 17. axb5
{[%clk 1:14:25]} axb5 {[%clk 1:07:56]} 18. Rxa8 {[%clk 1:14:45]} Rxa8
{[%clk 1:08:20]} 19. Ra1 {[%clk 1:15:02]} Qb8 {[%clk 1:06:18]} 20. Bd1
{[%clk 1:14:39]} Ra7 {[%clk 0:56:12]} 21. Nb1 {[%clk 1:09:39]} Nb6
{[%clk 0:43:44]} 22. Rxa7 {[%clk 1:08:22]} Qxa7 {[%clk 0:44:08]} 23. Na3
{[%clk 1:08:27]} Qa6 {[%clk 0:42:33]} 24. Kf1 {[%clk 1:06:26]} Nd7
{[%clk 0:38:38]} 25. Nd2 {[%clk 0:59:00]} e5 {[%clk 0:33:20]} 26. f3
{[%clk 0:56:05]} Bd3+ {[%clk 0:31:12]} 27. Be2 {[%clk 0:54:47]} e4
{[%clk 0:25:49]} 28. fxe4 {[%clk 0:52:50]} dxe4 {[%clk 0:25:43]} 29. Bxd3
{[%clk 0:51:56]} exd3 {[%clk 0:26:07]} 30. e4 {[%clk 0:49:52]} Ne7
{[%clk 0:24:19]} 31. h3 {[%clk 0:46:09]} Ng6 {[%clk 0:23:36]} 32. g3
{[%clk 0:46:00]} h5 {[%clk 0:22:48]} 33. h4 {[%clk 0:41:07]} Nf6 {[%clk 0:20:38]}
34. Kg1 {[%clk 0:38:38]} Ng4 {[%clk 0:20:25]} 35. Naxc4 {[%clk 0:36:54]} bxc4
{[%clk 0:20:01]} 36. b5 {[%clk 0:37:19]} Qd6 {[%clk 0:19:00]} 37. Nf1
{[%clk 0:37:36]} Qb6 {[%clk 0:18:38]} 38. Nd2 {[%clk 0:37:53]} N6e5
{[%clk 0:17:25]} 39. Kh1 {[%clk 0:36:50]} Qf6 {[%clk 0:15:03]} 0-1

[Event "World Chess Olympiad 2018"]
[Site "Batumi"]
[Date "2018.10.02"]
[Round "8"]
[Board "4"]
[WhiteFideId "7001762"]
[White "Otawa Yuto"]
[BlackFideId "11700947"]
[Black "Kanz Ahmad Safy"]
[Result "0-1"]
[LiveChessVersion "1.4.8"]
[BlackElo "1826"]
[WhiteElo "2161"]

1. d4 {[%clk 1:30:50]} Nf6 {[%clk 1:30:52]} 2. c4 {[%clk 1:31:09]} g6
{[%clk 1:31:12]} 3. f3 {[%clk 1:31:20]} Bg7 {[%clk 1:30:57]} 4. e4
{[%clk 1:31:22]} d6 {[%clk 1:30:56]} 5. Nc3 {[%clk 1:31:42]} O-O {[%clk 1:30:37]}
6. Be3 {[%clk 1:31:37]} Nc6 {[%clk 1:29:47]} 7. Nge2 {[%clk 1:31:10]} a6
{[%clk 1:29:48]} 8. Qd2 {[%clk 1:29:45]} Na5 {[%clk 1:29:39]} 9. Nc1
{[%clk 1:24:11]} Nd7 {[%clk 1:27:35]} 10. b4 {[%clk 1:04:49]} Nc6
{[%clk 1:27:28]} 11. Rb1 {[%clk 1:03:43]} e5 {[%clk 1:20:55]} 12. d5
{[%clk 1:03:10]} Nd4 {[%clk 1:16:39]} 13. N1e2 {[%clk 0:58:09]} Nxe2
{[%clk 1:14:21]} 14. Bxe2 {[%clk 0:58:27]} f5 {[%clk 1:12:41]} 15. h4
{[%clk 0:40:37]} f4 {[%clk 1:06:51]} 16. Bf2 {[%clk 0:41:01]} Nf6
{[%clk 1:06:47]} 17. Bd3 {[%clk 0:37:11]} Nh5 {[%clk 1:04:54]} 18. Ne2
{[%clk 0:36:58]} Bf6 {[%clk 1:04:44]} 19. Kd1 {[%clk 0:34:56]} Bd7
{[%clk 1:01:44]} 20. Bc2 {[%clk 0:32:25]} b6 {[%clk 0:56:26]} 21. Bb3
{[%clk 0:26:07]} Kg7 {[%clk 0:50:44]} 22. Kc2 {[%clk 0:25:07]} Qe7
{[%clk 0:49:35]} 23. Kb2 {[%clk 0:23:24]} Rfb8 {[%clk 0:44:29]} 24. Rbg1
{[%clk 0:19:17]} Kh8 {[%clk 0:41:59]} 25. a3 {[%clk 0:18:58]} Bg7
{[%clk 0:36:04]} 26. Rc1 {[%clk 0:16:23]} Qe8 {[%clk 0:32:14]} 27. g4
{[%clk 0:12:40]} fxg3 {[%clk 0:32:22]} 28. Nxg3 {[%clk 0:12:48]} Nf4
{[%clk 0:32:12]} 29. Be3 {[%clk 0:11:04]} Qf7 {[%clk 0:31:33]} 30. Rc3
{[%clk 0:06:37]} Rf8 {[%clk 0:29:55]} 31. c5 {[%clk 0:05:51]} bxc5
{[%clk 0:29:19]} 32. bxc5 {[%clk 0:06:12]} a5 {[%clk 0:24:03]} 33. c6
{[%clk 0:05:04]} Bc8 {[%clk 0:23:46]} 34. Ka2 {[%clk 0:04:41]} Ba6
{[%clk 0:21:45]} 35. Bc4 {[%clk 0:04:36]} Bxc4+ {[%clk 0:20:04]} 36. Rxc4
{[%clk 0:05:01]} Rfb8 {[%clk 0:18:25]} 37. Rcc1 {[%clk 0:04:22]} Rb5
{[%clk 0:16:06]} 38. Qc3 {[%clk 0:01:13]} Rab8 {[%clk 0:13:52]} 39. Rh2
{[%clk 0:01:11]} Nxd5 {[%clk 0:13:36]} 40. Qc4 {[%clk 0:30:51]} Qxf3
{[%clk 0:42:51]} 41. exd5 {[%clk 0:25:34]} Qxg3 {[%clk 0:38:33]} 42. Re2
{[%clk 0:24:15]} Qf3 {[%clk 0:36:57]} 43. Ba7 {[%clk 0:22:51]} Rb3
{[%clk 0:33:41]} 44. Bxb8 {[%clk 0:21:08]} Rxa3+ {[%clk 0:31:57]} 45. Kb1
{[%clk 0:17:53]} Rb3+ {[%clk 0:31:07]} 46. Rb2 {[%clk 0:17:21]} Rxb2+
{[%clk 0:30:21]} 47. Kxb2 {[%clk 0:17:39]} e4+ {[%clk 0:30:48]} 48. Ka2
{[%clk 0:13:12]} Qf2+ {[%clk 0:27:13]} 49. Qc2 {[%clk 0:11:46]} Qd4
{[%clk 0:27:12]} 50. Qb3 {[%clk 0:10:24]} a4 {[%clk 0:27:26]} 51. Qb5
{[%clk 0:06:00]} Qd2+ {[%clk 0:26:02]} 52. Kb1 {[%clk 0:06:22]} a3
{[%clk 0:25:58]} 53. Qb3 {[%clk 0:04:51]} a2+ {[%clk 0:25:53]} 54. Qxa2
{[%clk 0:05:09]} Qb4+ {[%clk 0:26:20]} 55. Kc2 {[%clk 0:05:27]} Qxb8
{[%clk 0:26:29]} 56. Rb1 {[%clk 0:03:34]} Qf8 {[%clk 0:24:38]} 57. Qa7
{[%clk 0:03:41]} Qf5 {[%clk 0:24:51]} 58. Rb8+ {[%clk 0:02:58]} Bf8
{[%clk 0:25:11]} 59. Qe3 {[%clk 0:01:30]} Kg7 {[%clk 0:23:34]} 60. Rb4
{[%clk 0:00:50]} Qxd5 {[%clk 0:23:19]} 61. Qd4+ {[%clk 0:00:51]} Qxd4
{[%clk 0:18:53]} 62. Rxd4 {[%clk 0:01:16]} Kf7 {[%clk 0:17:30]} 63. Rxe4
{[%clk 0:01:30]} Bg7 {[%clk 0:17:40]} 64. Kd3 {[%clk 0:01:16]} Be5
{[%clk 0:18:04]} 65. Kc4 {[%clk 0:01:01]} Ke6 {[%clk 0:18:18]} 66. Kb5
{[%clk 0:01:03]} h6 {[%clk 0:17:42]} 67. Re1 {[%clk 0:00:51]} g5 {[%clk 0:16:56]}
68. hxg5 {[%clk 0:01:03]} hxg5 {[%clk 0:17:15]} 69. Ka6 {[%clk 0:01:14]} d5
{[%clk 0:14:24]} 70. Kb5 {[%clk 0:01:24]} Kd6 {[%clk 0:12:34]} 71. Rg1
{[%clk 0:01:32]} Bf4 {[%clk 0:12:51]} 72. Re1 {[%clk 0:01:21]} d4
{[%clk 0:11:32]} 73. Re8 {[%clk 0:01:12]} Kd5 {[%clk 0:11:07]} 74. Rd8+
{[%clk 0:01:02]} Ke4 {[%clk 0:10:21]} 75. Kc4 {[%clk 0:01:14]} Be5
{[%clk 0:10:37]} 76. Rg8 {[%clk 0:01:03]} Bf4 {[%clk 0:10:07]} 77. Rd8
{[%clk 0:00:53]} g4 {[%clk 0:09:37]} 78. Rxd4+ {[%clk 0:01:13]} Kf3
{[%clk 0:10:02]} 79. Rd3+ {[%clk 0:01:10]} Kf2 {[%clk 0:09:04]} 80. Kd4
{[%clk 0:01:02]} g3 {[%clk 0:08:03]} 81. Ra3 {[%clk 0:00:46]} g2 {[%clk 0:07:52]}
82. Ra2+ {[%clk 0:00:54]} Kf3 {[%clk 0:08:03]} 83. Ra3+ {[%clk 0:00:54]} Kg4
{[%clk 0:08:10]} 84. Ra1 {[%clk 0:00:45]} Bh2 {[%clk 0:08:29]} 85. Kd5
{[%clk 0:00:46]} g1=Q {[%clk 0:08:47]} 0-1

[Event "World Chess Olympiad 2018"]
[Site "Batumi"]
[Date "2018.10.02"]
[Round "8"]
[Board "1"]
[WhiteFideId "7603991"]
[White "Gnaam Koteba."]
[BlackFideId "9400346"]
[Black "Al Qudaimi Basheer"]
[Result "1/2-1/2"]
[LiveChessVersion "1.4.8"]
[BlackElo "2419"]
[WhiteElo "2061"]

1. e4 {[%clk 1:30:51]} e5 {[%clk 1:30:38]} 2. Nf3 {[%clk 1:31:11]} Nc6
{[%clk 1:31:00]} 3. Bc4 {[%clk 1:31:31]} Bc5 {[%clk 1:30:36]} 4. c3
{[%clk 1:31:47]} Nf6 {[%clk 1:30:32]} 5. d4 {[%clk 1:31:41]} exd4
{[%clk 1:30:07]} 6. cxd4 {[%clk 1:28:52]} Bb4+ {[%clk 1:26:34]} 7. Bd2
{[%clk 1:28:59]} Nxe4 {[%clk 1:23:49]} 8. Bxb4 {[%clk 1:28:51]} Nxb4
{[%clk 1:24:17]} 9. Bxf7+ {[%clk 1:29:12]} Kxf7 {[%clk 1:24:26]} 10. Qb3+
{[%clk 1:29:40]} d5 {[%clk 1:24:42]} 11. Qxb4 {[%clk 1:27:45]} Re8
{[%clk 1:21:56]} 12. O-O {[%clk 1:27:33]} a5 {[%clk 1:20:03]} 13. Qb3
{[%clk 1:22:51]} a4 {[%clk 1:19:44]} 14. Qb4 {[%clk 1:21:23]} Qd6
{[%clk 1:19:06]} 15. Qxd6 {[%clk 1:20:42]} Nxd6 {[%clk 1:19:26]} 16. Nc3
{[%clk 1:20:10]} c6 {[%clk 1:19:46]} 17. b3 {[%clk 1:13:52]} axb3
{[%clk 1:03:22]} 18. axb3 {[%clk 1:14:13]} Bf5 {[%clk 1:03:16]} 19. Ne5+
{[%clk 1:11:22]} Kg8 {[%clk 1:02:56]} 20. b4 {[%clk 1:09:42]} Bc2
{[%clk 1:01:51]} 21. Rfc1 {[%clk 0:56:50]} Nf5 {[%clk 0:59:29]} 22. Ne2
{[%clk 0:38:12]} Ba4 {[%clk 0:56:06]} 23. f4 {[%clk 0:28:07]} Bb5
{[%clk 0:53:46]} 24. g4 {[%clk 0:27:08]} Rxa1 {[%clk 0:46:00]} 25. Rxa1
{[%clk 0:27:22]} Ne3 {[%clk 0:46:28]} 26. Ra2 {[%clk 0:13:16]} Bxe2
{[%clk 0:43:21]} 27. Rxe2 {[%clk 0:13:19]} Nxg4 {[%clk 0:43:48]} 28. Ra2
{[%clk 0:09:22]} Nxe5 {[%clk 0:39:19]} 29. fxe5 {[%clk 0:09:32]} Kf7
{[%clk 0:37:44]} 30. Kf2 {[%clk 0:08:57]} Ke6 {[%clk 0:38:06]} 31. Ke3
{[%clk 0:09:11]} Kd7 {[%clk 0:22:26]} 32. Rg2 {[%clk 0:06:55]} Re7
{[%clk 0:21:38]} 33. Rf2 {[%clk 0:05:54]} Kc7 {[%clk 0:19:12]} 34. Rf8
{[%clk 0:05:30]} Kb6 {[%clk 0:19:35]} 35. Kf4 {[%clk 0:05:12]} Kc7
{[%clk 0:03:15]} 36. Kf5 Kd7 37. h4 {[%clk 0:03:57]} b6 {[%clk 0:04:11]} 38. h5
{[%clk 0:03:50]} g6+ {[%clk 0:01:40]} 39. hxg6 {[%clk 0:03:41]} hxg6+
{[%clk 0:02:09]} 40. Kxg6 {[%clk 0:33:10]} c5 {[%clk 0:31:38]} 41. bxc5
{[%clk 0:24:56]} bxc5 {[%clk 0:27:49]} 42. Kf5 {[%clk 0:19:50]} cxd4
{[%clk 0:27:50]} 43. Rf6 {[%clk 0:20:05]} d3 {[%clk 0:25:27]} 44. Rd6+
{[%clk 0:18:40]} Kc7 {[%clk 0:25:15]} 45. Rxd5 {[%clk 0:17:57]} Rd7
{[%clk 0:24:02]} 46. Rc5+ {[%clk 0:18:19]} Kb6 {[%clk 0:22:13]} 47. Rc1
{[%clk 0:18:41]} d2 {[%clk 0:13:20]} 48. Rd1 {[%clk 0:18:32]} Kc5
{[%clk 0:13:41]} 49. e6 {[%clk 0:17:07]} Rd5+ {[%clk 0:12:20]} 50. Kf6
{[%clk 0:17:11]} Kd6 {[%clk 0:11:03]} 51. e7 {[%clk 0:15:57]} Kd7
{[%clk 0:11:09]} 52. Kf7 {[%clk 0:16:00]} 1/2-1/2

[Event "World Chess Olympiad 2018"]
[Site "Batumi"]
[Date "2018.10.02"]
[Round "8"]
[Board "2"]
[WhiteFideId "9400249"]
[White "Al-Zendani Zendan"]
[BlackFideId "7601948"]
[Black "Chekh Adm Khedr Aram"]
[Result "1-0"]
[LiveChessVersion "1.4.8"]
[BlackElo "2171"]
[WhiteElo "2301"]

1. e4 {[%clk 1:30:53]} c5 {[%clk 1:30:56]} 2. Nf3 {[%clk 1:31:13]} e6
{[%clk 1:31:24]} 3. d4 {[%clk 1:31:08]} cxd4 {[%clk 1:31:53]} 4. Nxd4
{[%clk 1:31:32]} a6 {[%clk 1:32:18]} 5. Nc3 {[%clk 1:28:16]} Qc7 {[%clk 1:32:43]}
6. Bd3 {[%clk 1:22:26]} Nf6 {[%clk 1:33:03]} 7. O-O {[%clk 1:22:39]} d6
{[%clk 1:33:27]} 8. Bg5 {[%clk 1:19:35]} Be7 {[%clk 1:33:43]} 9. Kh1
{[%clk 1:17:41]} Nbd7 {[%clk 1:34:00]} 10. f4 {[%clk 1:16:52]} b5
{[%clk 1:34:08]} 11. a3 {[%clk 1:11:11]} Bb7 {[%clk 1:31:46]} 12. f5
{[%clk 1:08:28]} e5 {[%clk 1:32:08]} 13. Nde2 {[%clk 1:00:50]} O-O
{[%clk 1:29:20]} 14. Ng3 {[%clk 1:00:13]} Nb6 {[%clk 1:26:03]} 15. Bxf6
{[%clk 0:52:27]} Bxf6 {[%clk 1:26:31]} 16. Nh5 {[%clk 0:52:44]} Qe7
{[%clk 1:26:26]} 17. Qg4 {[%clk 0:51:53]} Rfd8 {[%clk 1:25:20]} 18. Nxg7
{[%clk 0:48:45]} Bxg7 {[%clk 1:25:42]} 19. f6 {[%clk 0:48:53]} Qf8
{[%clk 1:26:11]} 20. fxg7 {[%clk 0:39:35]} Qxg7 {[%clk 1:26:39]} 21. Qh4
{[%clk 0:39:46]} Nd7 {[%clk 1:25:00]} 22. Rf3 {[%clk 0:31:26]} Nf8
{[%clk 1:25:24]} 23. Rg3 {[%clk 0:31:20]} Ng6 {[%clk 1:25:52]} 24. Qh5
{[%clk 0:31:12]} Rac8 {[%clk 1:12:47]} 25. Nd1 {[%clk 0:16:33]} d5
{[%clk 1:11:51]} 26. Ne3 {[%clk 0:14:54]} dxe4 {[%clk 1:11:16]} 27. Be2
{[%clk 0:13:41]} Rc7 {[%clk 0:59:19]} 28. Nf5 {[%clk 0:12:50]} Qf6
{[%clk 0:59:43]} 29. Rf1 {[%clk 0:11:44]} Kf8 {[%clk 0:56:33]} 30. Qh6+
{[%clk 0:10:21]} Kg8 {[%clk 0:56:58]} 31. Rh3 {[%clk 0:08:18]} Qh8
{[%clk 0:57:21]} 32. Qg5 {[%clk 0:07:29]} Rcd7 {[%clk 0:53:13]} 33. Bg4
{[%clk 0:07:30]} Kf8 {[%clk 0:50:33]} 34. Nh6 {[%clk 0:07:08]} Nf4
{[%clk 0:48:30]} 35. Bxd7 {[%clk 0:05:38]} Rxd7 {[%clk 0:48:58]} 36. Qf5
{[%clk 0:02:44]} Re7 {[%clk 0:47:24]} 37. Rg3 {[%clk 0:03:03]} e3
{[%clk 0:47:28]} 38. Rd1 {[%clk 0:02:07]} Ke8 {[%clk 0:46:38]} 39. Ng4
{[%clk 0:01:02]} Re6 {[%clk 0:43:30]} 40. Nxe3 {[%clk 0:30:54]} h5
{[%clk 1:13:39]} 41. Qg5 {[%clk 0:28:05]} f6 {[%clk 1:12:55]} 42. Qg8+
{[%clk 0:22:50]} Qxg8 {[%clk 1:13:23]} 43. Rxg8+ {[%clk 0:23:13]} Kf7
{[%clk 1:13:50]} 44. Rh8 {[%clk 0:22:56]} Be4 {[%clk 1:13:42]} 45. Rd7+
{[%clk 0:22:18]} Kg6 {[%clk 1:13:29]} 46. h4 {[%clk 0:21:00]} Rc6
{[%clk 1:13:27]} 47. Rhh7 {[%clk 0:20:39]} Ne6 {[%clk 1:13:51]} 48. c3
{[%clk 0:19:33]} f5 {[%clk 1:14:10]} 49. Rh8 {[%clk 0:19:23]} Nc5
{[%clk 1:11:40]} 50. Rdd8 {[%clk 0:10:07]} f4 {[%clk 1:11:31]} 51. Nd5
{[%clk 0:08:22]} Re6 {[%clk 1:11:29]} 52. Rdg8+ {[%clk 0:07:57]} Kf7
{[%clk 1:11:47]} 53. Rf8+ {[%clk 0:07:43]} Kg7 {[%clk 1:12:01]} 54. Nc7
{[%clk 0:05:46]} Rc6 {[%clk 1:11:12]} 55. Ne8+ {[%clk 0:06:04]} Kg6
{[%clk 1:11:40]} 56. Rhg8+ {[%clk 0:04:58]} Kh6 {[%clk 1:12:04]} 57. Rg5
{[%clk 0:03:11]} Bh7 {[%clk 1:11:25]} 58. Rxe5 {[%clk 0:02:16]} Nd3
{[%clk 1:11:50]} 59. Rd5 {[%clk 0:02:10]} Nxb2 {[%clk 1:11:26]} 60. Rxf4
{[%clk 0:02:24]} Bg6 {[%clk 1:11:15]} 61. Rd6 {[%clk 0:02:20]} Rxc3
{[%clk 1:09:39]} 62. g4 {[%clk 0:02:02]} Rc1+ {[%clk 1:09:45]} 63. Kh2
{[%clk 0:02:03]} Rc2+ {[%clk 1:09:44]} 64. Kg3 {[%clk 0:02:25]} Rc3+
{[%clk 1:10:02]} 65. Kg2 {[%clk 0:02:19]} Rc2+ {[%clk 1:10:20]} 66. Kf1
{[%clk 0:02:32]} Rc1+ {[%clk 1:10:40]} 67. Kg2 {[%clk 0:01:12]} Rc2+
{[%clk 1:09:53]} 68. Kg3 {[%clk 0:01:31]} Nc4 {[%clk 1:09:46]} 69. g5+
{[%clk 0:01:19]} Kh7 {[%clk 1:10:15]} 70. Nf6+ {[%clk 0:01:23]} Kg7
{[%clk 1:10:35]} 71. Rd7+ {[%clk 0:01:44]} Kh8 {[%clk 1:10:57]} 72. Nd5
{[%clk 0:01:28]} Bh7 {[%clk 1:10:22]} 73. Rf8+ {[%clk 0:01:30]} Bg8
{[%clk 1:10:51]} 74. Nf6 {[%clk 0:01:52]} 1-0

[Event "World Chess Olympiad 2018"]
[Site "Batumi"]
[Date "2018.10.02"]
[Round "8"]
[Board "3"]
[WhiteFideId "7603495"]
[White "Koniahli Malek."]
[BlackFideId "9400176"]
[Black "Al Badani Abdu"]
[Result "0-1"]
[LiveChessVersion "1.4.8"]
[BlackElo "2195"]
[WhiteElo "2328"]

1. d4 {[%clk 1:30:56]} Nf6 {[%clk 1:30:54]} 2. c4 {[%clk 1:31:20]} e5
{[%clk 1:31:06]} 3. dxe5 {[%clk 1:31:45]} Ng4 {[%clk 1:31:08]} 4. e3
{[%clk 1:31:45]} Nxe5 {[%clk 1:31:24]} 5. Nh3 {[%clk 1:31:41]} Bb4+
{[%clk 1:20:57]} 6. Bd2 {[%clk 1:31:56]} Bxd2+ {[%clk 1:21:21]} 7. Qxd2
{[%clk 1:32:21]} O-O {[%clk 1:21:46]} 8. Nc3 {[%clk 1:30:33]} Ng6
{[%clk 1:20:23]} 9. Be2 {[%clk 1:26:14]} d6 {[%clk 1:18:07]} 10. Nf4
{[%clk 1:26:39]} Nxf4 {[%clk 1:18:26]} 11. exf4 {[%clk 1:27:07]} Nd7
{[%clk 1:15:31]} 12. O-O-O {[%clk 1:22:17]} Nc5 {[%clk 1:15:09]} 13. h4
{[%clk 1:21:52]} a6 {[%clk 1:12:23]} 14. g4 {[%clk 1:18:19]} b5 {[%clk 1:12:20]}
15. f5 {[%clk 1:17:17]} bxc4 {[%clk 1:00:34]} 16. Bxc4 {[%clk 1:17:04]} Rb8
{[%clk 1:00:26]} 17. Qf4 {[%clk 1:16:03]} a5 {[%clk 0:45:19]} 18. a3
{[%clk 1:01:54]} Ba6 {[%clk 0:44:11]} 19. Bxa6 {[%clk 1:00:56]} Nxa6
{[%clk 0:44:37]} 20. Ne4 {[%clk 0:54:51]} Qe8 {[%clk 0:39:34]} 21. f6
{[%clk 0:39:20]} Qb5 {[%clk 0:39:39]} 22. Rd2 {[%clk 0:39:25]} Rfe8
{[%clk 0:39:56]} 23. Rc2 {[%clk 0:29:20]} Re5 {[%clk 0:26:02]} 24. Rd1
{[%clk 0:23:58]} Qa4 {[%clk 0:23:32]} 25. f3 {[%clk 0:17:46]} Nb4
{[%clk 0:22:27]} 26. Rcd2 {[%clk 0:01:43]} Na2+ {[%clk 0:22:04]} 27. Kb1
{[%clk 0:02:12]} Nc3+ {[%clk 0:22:16]} 28. Ka1 {[%clk 0:02:41]} Rxb2
{[%clk 0:19:48]} 29. Kxb2 {[%clk 0:01:41]} Rb5+ {[%clk 0:19:50]} 30. Kxc3
{[%clk 0:01:27]} Rb3+ {[%clk 0:20:06]} 0-1